00650nam a2200205 a 450000100100000000500170001000800410002704000250006808200170009310000320011024500630014224600300020524600120023524600200024726000770026730000210034465000210036565000260038670000320041200002365520200930022356.0101216s1989 dr r 000 d spa d aDO-SdBNPbspacBNPHU a862.6bA473g1 aAlvarez Quintero, Serafín13aEl genio alegre /cSerafín y Joaquín Alvarez Quintero.12aLa muela del rey Farfán 2aLa reja 2aMañana de sol aSanto Domingo :aSan Juan, (Puerto Rico) :bCultura Panamericana,c1989. a165 p. ;c20 cm. 4aTeatro español 4aLiteratura española1 aAlvarez Quintero, Joaquín